Storia romana dagli Etruschi a Teodosio

Đã lưu trong:
Chi tiết về thư mục
Những tác giả chính: Levi, Mario Attilio (Tác giả), Meloni, Pedro (Tác giả)
Định dạng: Sách
Ngôn ngữ:Tiếng Italy
Được phát hành: Milán Istituto Editoriale Cisalpino 1970
Phiên bản:4a. ed
Loạt:Biblioteca Storica Universitaria, 2
Những chủ đề:
Các nhãn: Thêm thẻ
Không có thẻ, Là người đầu tiên thẻ bản ghi này!

MARC

LEADER 00000nam a2200000 a 4500
001 UCR2555
003 CL-VaPUC
008 980112e19700000IT |||||||||||||||||ita|d
082 0 4 |a 937  |b LEV  |2 21 
100 |a Levi, Mario Attilio  |e author  |9 439452 
700 0 |a Meloni, Pedro  |e author  |9 400477 
245 1 0 |a Storia romana dagli Etruschi a Teodosio 
250 |a 4a. ed 
300 |a 614 p 
942 |c BK 
945 |d 19980112 00:00:00  |a aolguin 
260 |a Milán  |b Istituto Editoriale Cisalpino  |c 1970 
650 0 |a Historia  |9 255047 
650 7 |a ORIGEN  |2 CL-VaPUC  |9 373505 
650 7 |a EXTENSION  |2 CL-VaPUC  |9 400478 
650 0 |a Sociedad  |9 307903 
650 0 |a Religión   |9 255164 
650 0 |a Conquista  |9 339504 
650 0 |a Guerra  |9 255876 
650 0 |a Guerras púnicas  |9 318990 
650 0 |a Economía   |9 255568 
650 0 |a Ejército  |9 321857 
650 7 |a DECADENCIA  |2 CL-VaPUC  |9 400479 
650 0 |a Política  |9 255312 
650 7 |a PODER IMPERIAL  |2 CL-VaPUC  |9 395747 
650 7 |a CESARES  |2 CL-VaPUC  |9 344824 
650 7 |a CRISTINIANISMO  |2 CL-VaPUC  |9 400480 
651 7 |a IMPERIO ROMANO  |2 CL-VaPUC  |9 400481 
651 0 |a Roma   |9 255106 
651 0 |a Cartago  |9 320485 
651 0 |a Grecia antigua   |9 327505 
651 7 |a ASIA MENOR  |2 CL-VaPUC  |9 400482 
583 |a last modification  |c 19980112 00:00:00  |k Rodrigo Vera 
490 0 |a Biblioteca Storica Universitaria, 2 
999 |c 265689  |d 265687 
952 |0 0  |1 0  |4 0  |6 937_000000000000000_LEV_1970  |7 0  |8 DER_ROM  |9 296706  |a BIBDER  |b BIBDER  |d 2019-11-20  |i 1918427  |o 937 LEV 1970  |p 1918427  |r 2023-01-25  |w 2019-11-20  |x Ubicación 4to piso  |y BK  |z Este recurso debe solicitarse con anticipación  |k DER 
952 |0 0  |1 0  |4 0  |6 937_000000000000000_LEV_1970  |7 0  |8 A  |9 296707  |a BIBHIS  |b BIBHIS  |d 2019-11-20  |i 1388355  |o 937 LEV 1970  |p 1388355  |r 2025-01-20  |w 2019-11-20  |y BK  |k HIS